000 01236nas a2200433 4500
001 BR0903146
003 BR-BrBNA
005 20231205113435.0
007 ta
008 230509b bl.|||p| |||| 00| 00por d
040 _aBR-BrBNA
_bpor
_cBiblioteca Nacional de Agricultura
041 _a(Pt)
072 _aS30
100 1 _aMelo, S.S.
100 1 _aNunes, N.S.I.
100 1 _aBaumgarten, C.
100 1 _aTressoldi, C.
100 1 _aFaccin, G.
100 1 _aZanuzo, K.
100 1 _aMichels, M.K.
100 1 _aCunha, N. da
100 1 _aSpecht, S.
100 1 _aSilva, M.W. da
245 1 _aEfeito da erva-mate (Ilex paraguariensis A. St. Hil.)sobre o perfil metabólico em ratos alimentados com dietas hiperlipídicas
650 _aMATE
650 _aMETABOLISMO
650 _aEFICIÊNCIA NUTRICIONAL
650 _aMATE
650 _aEXPERIÊNCIA DE LABORATÓRIO
650 _aRATO BRANCO
650 _aCOLESTEROL
650 _aÁCIDO GRAXO
650 _aBANHA
650 _aGORDURA ANIMAL
650 _aDIETA
773 0 _tAlimentos e Nutrição (Brazil)
_xISSN 0103-4235
_g(Oct-Dec 2007), v. 18(4) p. 439-447
_wBR0903146
909 _a202311
_bLúcia
_c55
_dLúcia Elande
942 _2AGRIS
_n0
_cANA
999 _c203777
_d203777